Normal view
MARC view
- Estudiantes de educación media superior
Entry Materia
001 - NÚMERO DE CONTROL DEL REGISTRO
- campo de control: 19236
003 - IDENTIFICADOR DE NUMERO DE CONTROL
- campo de control: MX-MxUPN
005 - FECHA Y HORA DE LA ÚLTIMA TRANSACCIÓN
- campo de control: 20260203115836.0
008 - DATOS DE LONGITUD FIJA
- campo de control de longitud fija: 260203n| fcnnnbabn | ana |d
035 ## - NÚMERO DE CONTROL DEL SISTEMA
- Número de control del sistema: UPN10000019245
040 ## - FUENTE DE LA CATALOGACIÓN
- Centro catalogador de origen: MX-MxUPN
- Lengua de catalogación: spa
- Agencia de transcripción: MX-MxUPN
150 ## - ENCABEZAMIENTO - TEMÁTICO
- Término de materia o nombre geográfico como elemento inicial: Estudiantes de educación media superior
- Subdivisión geográfica: México
- Subdivisión de forma: Estadística
670 ## - FUENTE EN LA QUE SE LOCALIZARON DATOS
- Cita de la fuente: LC
- Información localizada: College students - Mexico - Statistics
902 ## - CATALOGADOR
- Catalogador: MMA/121011
